[Event "San Francisco 2nd"]
[Site "San Francisco"]
[Date "1986.03.??"]
[Round "12"]
[White "Whitehead, Jay E"]
[Black "Harari, Zaki"]
[Result "1-0"]
[WhiteElo "2425"]
[BlackElo "2200"]
[PlyCount "95"]
[EventDate "1986.03.??"]
[EventType "tourn"]
[EventRounds "13"]
[EventCountry "USA"]
[EventCategory "4"]
[SourceTitle "EXT 2005"]
[Source "ChessBase"]
[SourceDate "2004.11.15"]
[SourceVersion "1"]
[SourceVersionDate "2004.11.15"]
[SourceQuality "1"]

1. d4 d5 2. c4 e5 3. dxe5 d4 4. Nf3 Nc6 5. g3 Bf5 6. a3 a5 7. Bg2 Bc5 8. 0-0 Nge7 9. Nbd2 Ng6 10. Nb3 Ba7 11. c5 d3 12. Bg5 Qd7 13. e3 h6 14. Bf4 Nxf4 15. exf4 a4 16. Nbd2 Bxc5 17. Rc1 Be7 18. Rc4 0-0 19. Rxa4 Rxa4 20. Qxa4 Nxe5 21. Qxd7 Nxf3+ 22. Nxf3 Bxd7 23. Ne5 Bb5 24. Bxb7 Bf6 25. Rd1 Rd8 26. Rd2 g5 27. b3 gxf4 28. gxf4 c5 29. a4 Bxe5 30. fxe5 c4 31. bxc4 Bxa4 32. Bd5 Bc2 33. f4 Kf8 34. Kf2 Ke7 35. Ke3 f6 36. Rg2 fxe5 37. fxe5 Re8 38. Rg7+ Kd8 39. Rg8 Rxg8 40. Bxg8 Bb1 41. c5 Kd7 42. Bd5 Bc2 43. Be4 Ke6 44. Bxd3 Ba4 45. Kd4 Bc6 46. Bc4+ Kf5 47. Bd5 Bd7 48. Bb7 1-0

[Event "Philadelphia op"]
[Site "Philadelphia"]
[Date "1986.??.??"]
[Round "?"]
[White "Whitehead, Jay E"]
[Black "Sax, Gyula"]
[Result "0-1"]
[WhiteElo "2425"]
[BlackElo "2545"]
[PlyCount "64"]
[EventDate "1986.07.??"]
[EventType "swiss"]
[EventRounds "9"]
[EventCountry "USA"]
[SourceTitle "EXT 1998"]
[Source "ChessBase"]
[SourceDate "1997.11.17"]
[SourceVersion "1"]
[SourceVersionDate "1997.11.17"]
[SourceQuality "1"]

1. d4 Nf6 2. c4 e6 3. Nf3 b6 4. Nc3 Bb7 5. a3 d5 6. cxd5 Nxd5 7. Qc2 Nxc3 8. bxc3 g6 9. Bg5 Qd5 10. Bf6 Rg8 11. e3 Qf5 12. Qxf5 gxf5 13. Ne5 Nd7 14. Nxd7 Kxd7 15. f3 Bd6 16. Bh4 c5 17. Bb5+ Bc6 18. Bxc6+ Kxc6 19. 0-0 Rg6 20. e4 Rag8 21. g3 f4 22. e5 Bc7 23. Kf2 Rh6 24. Rfe1 Bd8 25. Bxd8 Rxh2+ 26. Kg1 Rh3 27. Bf6 Rgxg3+ 28. Kf1 Rxf3+ 29. Ke2 c4 30. Rec1 Rfg3 31. Rf1 Rh2+ 32. Ke1 Kd5 0-1

[Event "San Francisco 2nd"]
[Site "San Francisco"]
[Date "1985.03.??"]
[Round "6"]
[White "Lobo, Richard"]
[Black "Whitehead, Jay E"]
[Result "0-1"]
[WhiteElo "2340"]
[BlackElo "2425"]
[PlyCount "74"]
[EventDate "1986.03.??"]
[EventType "tourn"]
[EventRounds "13"]
[EventCountry "USA"]
[EventCategory "4"]
[SourceTitle "EXT 2005"]
[Source "ChessBase"]
[SourceDate "2004.11.15"]
[SourceVersion "1"]
[SourceVersionDate "2004.11.15"]
[SourceQuality "1"]

1. d4 Nf6 2. c4 e6 3. Nc3 Bb4 4. e3 c5 5. Nge2 cxd4 6. exd4 d5 7. c5 Ne4 8. Bd2 Nxd2 9. Qxd2 a5 10. a3 Bxc3 11. Nxc3 a4 12. Bd3 b6 13. Nxa4 Rxa4 14. Bb5+ Bd7 15. Bxa4 Bxa4 16. Qb4 b5 17. b3 Nc6 18. Qc3 b4 19. Qd3 Qa5 20. bxa4 b3+ 21. Ke2 Qxa4 22. Rhd1 0-0 23. Rd2 Rb8 24. Kf1 Na5 25. f4 Nc4 26. Re2 b2 27. Rb1 Rb3 28. Qd1 Kf8 29. f5 Nxa3 30. fxe6 Nxb1 31. e7+ Ke8 32. Qxb1 Qxd4 33. g3 Qxc5 34. Kg2 Qc3 35. Qf5 Qf3+ 36. Qxf3 Rxf3 37. Rxb2 Rf6 0-1

[Event "San Francisco 1st"]
[Site "San Francisco"]
[Date "1985.??.??"]
[Round "8"]
[White "Biyiasas, Peter"]
[Black "Whitehead, Jay E"]
[Result "0-1"]
[WhiteElo "2460"]
[BlackElo "2405"]
[PlyCount "114"]
[EventDate "1985.??.??"]
[EventType "tourn"]
[EventRounds "9"]
[EventCountry "USA"]
[EventCategory "6"]
[SourceTitle "EXT 2005"]
[Source "ChessBase"]
[SourceDate "2004.11.15"]
[SourceVersion "1"]
[SourceVersionDate "2004.11.15"]
[SourceQuality "1"]

1. Nf3 c5 2. e4 Nc6 3. Nc3 g6 4. g3 d6 5. Bg2 Bg4 6. h3 Bxf3 7. Qxf3 Bg7 8. 0-0 Nf6 9. Qd1 0-0 10. d3 Rb8 11. Be3 Nd7 12. Qd2 Nd4 13. Nd1 b5 14. c3 Nc6 15. Bh6 b4 16. Bxg7 Kxg7 17. Ne3 bxc3 18. bxc3 Qb6 19. f4 Qb2 20. Qxb2 Rxb2 21. Nc4 Rc2 22. e5 Ndb8 23. Rfc1 Rxc1+ 24. Rxc1 Rd8 25. exd6 exd6 26. Ne3 Ne7 27. Rb1 Nbc6 28. Rb7 d5 29. Rc7 Rd6 30. c4 dxc4 31. dxc4 Kf8 32. a3 Rd3 33. Nf1 Na5 34. Rxa7 Rxa3 35. Ra8+ Kg7 36. Nd2 Nf5 37. Kh2 Ne3 38. Be4 Naxc4 39. Nxc4 Rxa8 40. Bxa8 Nxc4 41. Kg2 Kf6 42. Kf2 Nd6 43. g4 g5 44. fxg5+ Kxg5 45. Kg3 c4 46. h4+ Kf6 47. Kf4 c3 48. Ke3 Ke5 49. Kd3 Kf4 50. Kxc3 Kxg4 51. Kd4 Kf4 52. h5 h6 53. Bd5 f6 54. Kd3 Nf5 55. Bf7 Ng3 56. Kd2 f5 57. Ke1 Ke3 0-1

[Event "US Open-84"]
[Site "Pasadena"]
[Date "1983.08.19"]
[Round "12"]
[White "Whitehead, Jay E"]
[Black "Ivanov, Igor Vasilievich"]
[Result "1-0"]
[WhiteElo "2325"]
[BlackElo "2530"]
[PlyCount "47"]
[EventDate "1983.08.07"]
[EventType "swiss"]
[EventRounds "12"]
[EventCountry "USA"]
[SourceTitle "EXT 2015"]
[Source "ChessBase"]
[SourceDate "2014.11.20"]
[SourceVersion "1"]
[SourceVersionDate "2014.11.20"]
[SourceQuality "1"]

1. d4 Nf6 2. c4 e6 3. Nf3 d5 4. Nc3 c6 5. e3 a6 6. b3 Bb4 7. Bd2 dxc4 8. Bxc4 0-0 9. a3 Bd6 10. e4 Be7 11. Qe2 c5 12. dxc5 Bxc5 13. e5 Ng4 14. Ne4 Nd7 15. h3 Ngxe5 16. Nxe5 Nxe5 17. Nxc5 Qd4 18. Rd1 Qxc5 19. Bb4 Qc7 20. Bd6 Qa5+ 21. b4 Qxa3 22. Qxe5 Rd8 23. 0-0 Qa4 24. Rd4 1-0

[Event "US Open-84"]
[Site "Pasadena"]
[Date "1983.08.18"]
[Round "11"]
[White "Whitehead, Jay E"]
[Black "Remlinger, Larry"]
[Result "1-0"]
[WhiteElo "2325"]
[BlackElo "2380"]
[PlyCount "91"]
[EventDate "1983.08.07"]
[EventType "swiss"]
[EventRounds "12"]
[EventCountry "USA"]
[SourceTitle "EXT 2015"]
[Source "ChessBase"]
[SourceDate "2014.11.20"]
[SourceVersion "1"]
[SourceVersionDate "2014.11.20"]
[SourceQuality "1"]

1. d4 Nf6 2. c4 e6 3. Nf3 b6 4. a3 d5 5. cxd5 exd5 6. Ne5 Bd6 7. Nc3 0-0 8. Bg5 c5 9. e3 cxd4 10. Qxd4 Re8 11. Nxf7 Nc6 12. Qxd5 Nxd5 13. Nxd8 Nxd8 14. Bc4 Be6 15. Bxd5 Bxd5 16. Nxd5 Re5 17. Bxd8 Rxd5 18. Bh4 Be5 19. Ke2 Rb5 20. Rab1 Rxb2+ 21. Rxb2 Bxb2 22. Be7 Kf7 23. Rb1 Be5 24. Bb4 Rc8 25. f4 Bf6 26. Kd3 b5 27. e4 Rd8+ 28. Ke3 Bd4+ 29. Ke2 Re8 30. e5 Rc8 31. Kd3 Bb6 32. Bd6 Ke6 33. g4 a6 34. a4 Kd5 35. axb5 a5 36. f5 Rc4 37. g5 Rh4 38. Rf1 Rh3+ 39. Ke2 Ke4 40. f6 Rxh2+ 41. Kd1 Be3 42. fxg7 Rd2+ 43. Ke1 Rc2 44. Ba3 Ra2 45. g8Q Ra1+ 46. Ke2 1-0

[Event "WchT U26 04th"]
[Site "Chicago"]
[Date "1983.08.??"]
[Round "5"]
[White "Dolmatov, Sergey"]
[Black "Whitehead, Jay E"]
[Result "1/2-1/2"]
[WhiteElo "2550"]
[BlackElo "2325"]
[PlyCount "85"]
[EventDate "1983.08.22"]
[EventType "team-swiss"]
[EventRounds "11"]
[EventCountry "USA"]
[SourceTitle "EXT 2017"]
[Source "ChessBase"]
[SourceDate "2016.10.25"]
[SourceVersion "1"]
[SourceVersionDate "2016.10.25"]
[SourceQuality "1"]
[WhiteTeam "Soviet Union"]
[BlackTeam "United States"]
[WhiteTeamCountry "URS"]
[BlackTeamCountry "USA"]

1. e4 c5 2. Nf3 Nc6 3. Bb5 e6 4. Bxc6 bxc6 5. 0-0 Ne7 6. b3 d6 7. d4 cxd4 8. Qxd4 e5 9. Qe3 f6 10. c4 d5 11. Nh4 Qb6 12. Qd3 dxc4 13. bxc4 Qd4 14. Qxd4 exd4 15. Nd2 Ng6 16. Nxg6 hxg6 17. Bb2 c5 18. Ba3 Kf7 19. f4 Rb8 20. Rab1 Rb6 21. g3 Be7 22. Rb3 Bd7 23. Rfb1 Rhb8 24. Kf2 Ba4 25. R3b2 Rxb2 26. Rxb2 Rb6 27. h4 Ra6 28. Ke2 Bd1+ 29. Kxd1 Rxa3 30. Rb7 Rxa2 31. Nb3 Ra4 32. Nxc5 Rxc4 33. Na6 Kf8 34. Rb8+ Kf7 35. Rb7 Ra4 36. Nc7 Kf8 37. e5 fxe5 38. fxe5 Ra1+ 39. Kd2 a5 40. Nd5 Bb4+ 41. Kd3 Rd1+ 42. Kc4 Rc1+ 43. Kd3 1/2-1/2